Statistics for Lauren Conrad Filmography

Click here to take the quiz!

General Stats

  • This quiz has been taken 2 times
  • The average score is 2 of 22

Answer Stats

TypeYearName% Correct
TV Show2006-2009The Hills
100%
TV Show2006, 2009Family Guy
50%
TV Show2004-2005Laguna Beach: The Real Orange County
50%
TV Show2009America's Next Top Model
0%
TV Show2009Bromance
0%
Film2007Epic Movie
0%
TV Show2014Fashion Police
0%
TV Show2008GRΣΣK
0%
TV Show2010Kathy Griffin: My Life on the D-List
0%
Commercial2015Kohl's
0%
TV Film2007Legally Blonde: The Musical
0%
Film2011L!fe Happens
0%
TV Show2020Martha Knows Best
0%
Commercial2016Oceana
0%
TV Show2009Osbournes Reloaded
0%
TV Show2014Pop Innovators
0%
TV Show2008Privileged
0%
TV Show2012Punk'd
0%
TV Show2008, 2009The City
0%
TV Show2014The Eric Andre Show
0%
Commercial2013Visit California
0%
TV Show2009Who Wants to Be a Millionaire
0%

Score Distribution

Percentile by Number Answered

Percent of People with Each Score

Your Score History

You have not taken this quiz